Branding a store: how to build successful retail brands in a changing marketplace (Record no. 407396)

000 -LEADER
fixed length control field 00469cam a22001577a 4500
008 - FIXED-LENGTH DATA ELEMENTS--GENERAL INFORMATION
fixed length control field 180718b2007 xxu||||| |||| 00| 0 eng d
020 ## - INTERNATIONAL STANDARD BOOK NUMBER
International Standard Book Number 0749451688
082 ## - DEWEY DECIMAL CLASSIFICATION NUMBER
Classification number T34 F659
100 ## - MAIN ENTRY--PERSONAL NAME
Personal name Floor, Ko
245 ## - TITLE STATEMENT
Title Branding a store: how to build successful retail brands in a changing marketplace
Statement of responsibility, etc. by Ko Floor
260 ## - PUBLICATION, DISTRIBUTION, ETC.
Place of publication, distribution, etc. London
Name of publisher, distributor, etc. Kogan Page
Date of publication, distribution, etc. 2007
300 ## - PHYSICAL DESCRIPTION
Extent 360p.
650 ## - SUBJECT ADDED ENTRY--TOPICAL TERM
Topical term or geographic name entry element Retail trade.
650 ## - SUBJECT ADDED ENTRY--TOPICAL TERM
Topical term or geographic name entry element Branding (Marketing)
650 ## - SUBJECT ADDED ENTRY--TOPICAL TERM
Topical term or geographic name entry element House brands --Marketing
Holdings
Withdrawn status Lost status Damaged status Not for loan Permanent Location Current Location Date acquired Full call number Barcode Date last seen Price effective from Koha item type
        Indian Institute of Public Administration Indian Institute of Public Administration 2008-03-28 T34 F659 82428 2019-04-11 2018-07-21 Book

Powered by Koha